Statistics for Formula 1 world champions

Click here to take the quiz!

General Stats

  • This quiz has been taken 1,526 times
  • The average score is 47 of 62

Answer Stats

Season Team Driver % Correct
2010Red BullSebastian Vettel
98%
2008McLarenLewis Hamilton
98%
1994BenettonMichael Schumacher
98%
2005RenaultFernando Alonso
97%
2009BrawnJenson Button
95%
1988McLarenAyrton Senna
95%
2007FerrariKimi Raikkonen
89%
1985McLarenAlain Prost
88%
1998McLarenMika Hakkinen
85%
1975FerrariNiki Lauda
85%
1951Alfa RomeoJuan Manuel Fangio
79%
1996WilliamsDamon Hill
79%
1992WilliamsNigel Mansell
77%
1976McLarenJames Hunt
76%
1997WilliamsJacques Villeneuve
76%
1969MatraJackie Stewart
74%
1981BrabhamNelson Piquet
68%
1959CooperJack Brabham
67%
1982WilliamsKeke Rosberg
67%
1962BRMGraham Hill
64%
1952FerrariAlberto Ascari
59%
1972LotusEmerson Fittipaldi
59%
1963LotusJim Clark
56%
1978LotusMario Andretti
52%
1950Alfa RomeoGiuseppe Farina
51%
1980WilliamsAlan Jones
49%
1970LotusJochen Rindt
47%
1961FerrariPhil Hill
47%
1964FerrariJohn Surtees
46%
1979FerrariJody Scheckter
45%
1958FerrariMike Hawthorn
42%
1967BrabhamDenny Hulme
38%

Score Distribution

Percentile by Number Answered

Percent of People with Each Score

Your Score History

You have not taken this quiz